000 00543nam a2200193Ia 4500
008 210417s9999 xx 000 0 und d
020 _a9780198477723
020 _b198477724
082 _a823.0083 PRI
082 _b2.823.0083PRI
245 0 _aBattle of the monster X- bot
245 0 _cBattle of the monster X bot
250 _b48 p. : col. ill. ; 22 cm. ; pbk.
260 _aOxford
260 _bOxford University Press
260 _c2010
700 _a"Priestley, Chris"
700 _bChris Priestley ; illustrated by Jon Stuart
999 _c441008
_d441008